Discrete mathematics / (Record no. 157581)

MARC details
000 -LEADER
fixed length control field 00792nam a22002297a 4500
005 - DATE AND TIME OF LATEST TRANSACTION
control field 20180920122230.0
010 ## - LCCN (DPL NO)
LC control number ENG-124002
020 ## - INTERNATIONAL STANDARD BOOK NUMBER
International Standard Book Number 9789352869275
Terms of availability 459.00
020 ## - INTERNATIONAL STANDARD BOOK NUMBER
International Standard Book Number 9789353060442 (Combo Pack)
035 ## - SYSTEM CONTROL NUMBER
System control number EN-107534
037 ## - SOURCE OF ACQUISITION
Source of stock number/acquisition DBAD/PUB
082 ## - DEWEY DECIMAL CLASSIFICATION NUMBER
Classification number 511.1
100 ## - MAIN ENTRY--PERSONAL NAME
Personal name Sivaramakrishna Das P.
245 ## - TITLE STATEMENT
Title Discrete mathematics /
Statement of responsibility, etc by P. Sivaramakrishna Das [and] C. Vijayakumari
250 ## - EDITION STATEMENT
Edition statement 5th ed.
260 ## - PUBLICATION, DISTRIBUTION, ETC. (IMPRINT)
Place of publication, distribution, etc Noida
Name of publisher, distributor, etc Pearson
Date of publication, distribution, etc 2018
270 ## - ADDRESS
Address 15th Floor, Tower B, Worls Trade Tower, Plot No.1, Block -C
City Noida (UP)
Postal code 201301
300 ## - PHYSICAL DESCRIPTION
Extent various paging.
Dimensions 23cm.(pbk)
Other physical details ill.
500 ## - GENERAL NOTE
General note It include Anna University solved question papers B.E./B.Tech. Discrete Mathematics
700 ## - ADDED ENTRY--PERSONAL NAME
Personal name Vijayakumari C.
942 ## - ADDED ENTRY ELEMENTS (KOHA)
Source of classification or shelving scheme Dewey Decimal Classification
Item type English Books
Classification part 511.1
Call number suffix SIV
Holdings
Withdrawn status Lost status Not for loan Collection code Home library Current library Date acquired Source of acquisition Cost, normal purchase price Full call number Barcode Copy number Cost, replacement price Koha item type
    Not For Loan Non-fiction D.B.Act.Division Patel Nagar 19/09/2018 DBAD/PUB 459.00 511.1 SIV EN-107534 1 459.00 English Books

© Delhi Public Library
Hit Counter
free hit counter